L'ultimo Papa

-д хадгалсан:
Номзүйн дэлгэрэнгүй
Үндсэн зохиолч: Michel Travis
Формат: Ном
Хэл сонгох:Тодорхойгүй
Хэвлэсэн: Piemme
Шошгууд: Шошго нэмэх
Шошго байхгүй, Энэхүү баримтыг шошголох эхний хүн болох!

MARC

LEADER 00000nam a2200000Ia 4500
001 R-78
003 CODICE-MESSINA
005 20260212102446.0
008 260211s9999 xx 000 0 und d
040 |c importazione_messina 
100 |a Michel Travis 
245 0 |a L'ultimo Papa 
260 |b Piemme 
942 |2 ddc  |c BK 
952 |0 0  |1 0  |2 ddc  |4 0  |6 SCAFFALE_1_000000000000000__RELIGIONE  |7 0  |9 30895  |a ME  |b ME  |d 2026-02-11  |l 0  |o SCAFFALE 1 - RELIGIONE  |p R-78  |r 2026-02-11 23:52:12  |w 2026-02-11  |x [REVISIONARE]  |y BK 
999 |c 26559  |d 26559